Sáng nay không nước mắt

Saved in:
Bibliographic Details
Main Author: Lương, Phụng Nghi
Format: Book
Language:Undetermined
Published: Hà Nội Hội nhà văn 2003
Subjects:
Tags: Add Tag
No Tags, Be the first to tag this record!
Institutions: Trung tâm Học liệu Trường Đại học Cần Thơ
LEADER 00573nam a2200193Ia 4500
001 CTU_60422
008 210402s9999 xx 000 0 und d
020 |b 46000 
082 |a 895.13 
082 |b Ngh300 
100 |a Lương, Phụng Nghi 
245 0 |a Sáng nay không nước mắt 
245 0 |c Lương Phụng Nghi; Minh Khuê biên dịch 
260 |a Hà Nội 
260 |b Hội nhà văn 
260 |c 2003 
650 |a Chinese fiction ( vietnamese ) 
904 |i Minh, Năm 
980 |a Trung tâm Học liệu Trường Đại học Cần Thơ